Associez ces chansons à leurs chanteurs français - Statistiques

Statistiques générales
  • Ce quiz a été pris 2 709 fois
  • Le résultat moyen est 14 sur 20
Statistiques - réponses
Hint Réponse % Correct
Dernière danse Indila
91%
Résiste France Gall
87%
Un homme debout Claudio Capéo
79%
Place des Grands Hommes Patrick Bruel
79%
Hymne à l'amour Édith Piaf
78%
Le portrait Calogero
76%
Santiano Hugues Aufray
75%
Hier encore Charles Aznavour
74%
Laisse Béton Renaud
74%
Carmen Stromae
73%
Siffler sur la coline Joe Dassin
70%
Dumbo Vianney
67%
Sang pour sang Johnny Hallyday
64%
Les voisines Renan Luce
64%
Le téléphone pleure Claude François
62%
Rockollection Laurent Voulzy
61%
Être une femme Michel Sardou
57%
Prière Païenne Céline Dion
50%
Voici les clés Gérard Lenorman
50%
4 mots sur un piano Jean-Jacques Goldman
46%
Aucun quiz correspondant
Distribution des résultats
% des personnes avec chaque résultat
Percentile par nombre de réponses
Votre historique - résultats
Vous n’avez pas pris ce quiz